| 000 | 00954nam0a2200289 4500 | ||
|---|---|---|---|
| 001 | RU\NLR\ONL1\19535 | ||
| 005 | 20250806203049.0 | ||
| 035 | _a(NLR Aleph) 009648271 | ||
| 090 |
_a48208 _c48208 |
||
| 100 | _a20120411d1941 u y0rusy50 ca | ||
| 101 | 1 |
_akom _crus |
|
| 102 | _aRU | ||
| 105 | _ay ||||||||| | ||
| 200 | 1 |
_aГроза _e5 д. драма _e[пер. с рус.] _fА. Н. Островский |
|
| 210 |
_aСыктывкар _cКоми госиздат _d1941 |
||
| 215 |
_a48 с. _d22 |
||
| 541 | 1 |
_aГроза _zrus |
|
| 686 | 1 | _aШ6(2=Ко)-91Р5-6 | |
| 700 | 1 |
_aОстровский _bА. Н. _cдраматург _f1823-1886 _gАлександр Николаевич _3RU\NLR\auth\776244 _4070 |
|
| 801 | 0 |
_aRU _bNLR _c20120411 _gPSBO |
|
| 852 | _aНБ | ||
| 852 |
_aNLR _bОНЛ _jКоми-з./3-296 |
||
| 942 | _cBOOK | ||
| 945 | _aРоссийская национальная библиотека | ||
| 980 | _aNB | ||
| 980 | _aBV | ||